Gemeindebestände als Online-Findbuch einsehbar
| Titel: | Gemeindebestände als Online-Findbuch einsehbar |
|---|---|
| Verfasser: | |
| In: |
Archive in Thüringen, (2019), Seite 29 alle Artikel anzeigen |
| Veröffentlicht: | 2019 |
| Umfang: | Illustrationen |
| Format: | Aufsatz |
| Sprache: | Deutsch |
| Hinweise zum Inhalt: |
Volltext
|
X
alg: 45416702
001A $03036:15-10-19
001B $01999:15-10-19 $t23:36:09.000
001D $03036:15-10-19
001U $0utf8
001X $00
002@ $0Aou
002C $aText $btxt $2rdacontent
002D $aohne Hilfsmittel zu benutzen $bn $2rdamedia
002E $aBand $bnc $2rdacarrier
003@ $0454167024
007A $0454167024 $aHEB
009P $3Volltext $uhttps://zs.thulb.uni-jena.de/receive/jportal_jpvolume_00375781
010@ $ager
010E $erda
011@ $a2019
016B $ahein
021A $aGemeindebestände als Online-Findbuch einsehbar
028A $BVerfasser $4aut $71031221093 $8Hoyer, Angelika [Tp3] $9316668109
031A $h29 $j2019
034M $aIllustrationen
039B $aEnthalten in $8--Abvc--. Archive in Thüringen. - Weimar : Thüringisches Hauptstaatsarchiv {[u.a.], 1992- $x201900000000000971 $9048133140
045T $a8,1
lok: 45416702 61
exp: 45416702 61 1 #EPN
201B/01 $015-10-19 $t22:13:30.000
201C/01 $015-10-19
203@/01 $01064441572
208@/01 $a15-10-19 $be
209A/01 $a/ $f000 $x00
247C/01 $8Frankfurt, Hessische Bibliographie $9112041876
201U/01 $0utf8
lok: 45416702 105
exp: 45416702 105 1 #EPN
201B/01 $015-10-19 $t14:49:37.000
201C/01 $015-10-19
201U/01 $0utf8
203@/01 $01064376320
208@/01 $a15-10-19 $be
209A/01 $a/ $f106 $x00
237A/01 $aSignatur Archivschule Marburg: AD 180.1
244Z/01 $aSchmalkalden-Meiningen $x01
244Z/01 $aMeiningen $x02
245Z/01 $a3.18.02. $bArchivwesen des Bundes- und der deutschen Bundesländer / Thüringen / Archive und Archivbestände $x01
247C/01 $8->Marburg, Bibliographie zum Archivwesen der Archivschule Marburg $939588196X
| LEADER | 00000caa a2200000 c 4500 | ||
|---|---|---|---|
| 001 | 454167024 | ||
| 003 | DE-603 | ||
| 005 | 20191015233609.0 | ||
| 007 | tu | ||
| 008 | 191015s2019 xx |||| | u00||u|ger c | ||
| 035 | |a (DE-599)HEB454167024 | ||
| 040 | |a DE-603 |b ger |c DE-603 |d DE-603 |e rda | ||
| 041 | |a ger | ||
| 084 | |a 8,1 |2 ssgn | ||
| 100 | 1 | |a Hoyer, Angelika |e Verfasser |4 aut |0 (DE-603)316668109 |0 (DE-588)1031221093 |2 gnd | |
| 245 | 0 | 0 | |a Gemeindebestände als Online-Findbuch einsehbar |
| 264 | 0 | |c 2019 | |
| 300 | |b Illustrationen | ||
| 336 | |a Text |b txt |2 rdacontent | ||
| 337 | |a ohne Hilfsmittel zu benutzen |b n |2 rdamedia | ||
| 338 | |a Band |b nc |2 rdacarrier | ||
| 773 | 0 | 8 | |i Enthalten in |t Archive in Thüringen |d Weimar : Thüringisches Hauptstaatsarchiv [u.a.], 1992- |h 30 cm |g (2019), Seite 29 |w (DE-603)048133140 |w (DE-600)914002-5 |
| 856 | 4 | 2 | |u https://zs.thulb.uni-jena.de/receive/jportal_jpvolume_00375781 |3 Volltext |
| 924 | 0 | |9 603 |a (DE-603)1064441572 |b DE-603 |c HES |d d | |
| 924 | 0 | |9 - |a (DE-603)1064376320 |b DE- |c HES |d d |g / | |